00889nam a22001217a 450000500170000000800410001702000180005805000180007624500780009430000380017250000350021050505220024520230621115403.0230621b ||||| |||| 00| 0 eng d a9781451118056 aRM301.P65(3e) aPrinciples of pharmacology;bThe pathophysiological basis of drug therapy axxi, 954 pages:bill.; col.c28cm aincludes credit list and index aContent: Fundamental principles of pharmacology-- Principles of neuropharmacology--fundamental principles of neuropharmacology-- principles of autonomic and peripheral nervous system pharmacology-- principles of central nervous system pharmacology-- principles of cardiovascular pharmacology-- principles of endocrine pharmacology-- principles of chemotherapy-- principles of inflammation and immune pharmacology-- fundamentals of drug development and regulation--environmental toxicology-- frontiers in pharmacology.